000 00472 a2200157 4500
005 20250506143638.0
020 _a9780077132392
082 _a658.15 WOU
100 _aWOUTERS, M.
245 _aCost Management: Strategies for Business Decisions.
260 _aNew York,
_bMcGraw Hill,
_c2012.
300 _axxx,865p.: ill.; picture
_bGlossary & Index
_c27cm
700 _aSELTO, F. H.
856 _yAccess Online Book
_fManagement
_dwww..mcgraw-hill.co.uk
942 _2ddc
_cBKS
999 _c2048
_d2048